Ungdomsfaengslet på Søbysøgård og de ti år after: Søbysgård 1933-1983
| 1. VerfasserIn: | |
|---|---|
| Medienart: | Druck Buch |
| Sprache: | Dänisch |
| Veröffentlicht: |
København
Justitsministeriet
1983
|
| In: |
Forskningsrapport (24)
Jahr: 1983 |
| Bestand in Tübingen: | In Tübingen vorhanden. UB: KB 6 E 330 |
| Verfügbarkeit prüfen: | HBZ Gateway |
| Subito Bestelldienst: | Jetzt bestellen. |
MARC
| LEADER | 00000cam a22000002c 4500 | ||
|---|---|---|---|
| 001 | 1090023529 | ||
| 003 | DE-627 | ||
| 005 | 20220514122035.0 | ||
| 007 | tu | ||
| 008 | 900323s1983 xx ||||| 00| ||dan c | ||
| 035 | |a (DE-627)1090023529 | ||
| 035 | |a (DE-576)020023529 | ||
| 035 | |a (DE-599)BSZ020023529 | ||
| 035 | |a (OCoLC)311102399 | ||
| 040 | |a DE-627 |b ger |c DE-627 |e rakwb | ||
| 041 | |a dan | ||
| 100 | 1 | |a Carlé, Erik |4 aut | |
| 245 | 1 | 0 | |a Ungdomsfaengslet på Søbysøgård og de ti år after |b Søbysgård 1933-1983 |c Erik Carlé. Billered. ved Birger Christensen |
| 264 | 1 | |a København |b Justitsministeriet |c 1983 | |
| 300 | |a 174 S. | ||
| 336 | |a Text |b txt |2 rdacontent | ||
| 337 | |a ohne Hilfsmittel zu benutzen |b n |2 rdamedia | ||
| 338 | |a Band |b nc |2 rdacarrier | ||
| 490 | 1 | |a Forskningsrapport / Justitsministeriet, Kriminalpolitisk Forskningsgruppe |v 24 | |
| 583 | 1 | |a Archivierung prüfen |c 20200919 |f DE-640 |z 2 |2 pdager | |
| 810 | 2 | |a Dänemark |b Kriminalpolitisk Forskningsgruppe |t Forskningsrapport |v 24 |9 24 |w (DE-627)108343425X |w (DE-576)01343425X |x 0105-2098 |7 am | |
| 951 | |a BO | ||
| ELC | |b 1 | ||
| LOK | |0 000 xxxxxcx a22 zn 4500 | ||
| LOK | |0 001 2142556086 | ||
| LOK | |0 003 DE-627 | ||
| LOK | |0 004 1090023529 | ||
| LOK | |0 005 20020606000000 | ||
| LOK | |0 008 900323||||||||||||||||ger||||||| | ||
| LOK | |0 040 |a DE-21 |c DE-627 |d DE-21 | ||
| LOK | |0 852 |a DE-21 | ||
| LOK | |0 852 1 |c KB 6 E 330 |9 00 | ||
| LOK | |0 935 |a krim | ||
| LOK | |0 936ln |a k12.17 | ||
| LOK | |0 939 |a 23-03-90 |b l01 | ||
| ORI | |a SA-MARC-krimdoka001.raw | ||
| SIG | |a UB: KB 6 E 330 | ||
